000
00503nam a2200169Ia 4500
008
090711s9999 xx 000 0 und d
082
_b
41844
100
_a
भावे पुरुषोत्तम भा.
245
_a
तपस्वी
260
_c
1974
300
_a
146
600
_a
भावे पुरुषोत्तम भा.
630
_a
तपस्वी
700
_a
भावे पुरुषोत्तम भा.
730
_a
तपस्वी
942
_c
BOOK
999
_c
306757
_d
306757